000 00761nam a2200253Ia 4500
003 OSt
005 20221005071252.0
006 a|||||r|||| 00| 0
007 ta
008 221004b |||||||| |||| 00| 0 eng d
020 _a9788182993080 (hbk)
_c425
024 _a14991
037 _b892, 08/09/2014, H.K. Prakashan
_cTextual
040 _aCRL
_cCRL
_beng
041 _2eng
_aeng
082 _aV243:51wM33, Q3
100 _aSingh Jaswinder Ed.
_9606300
245 0 _aLoyal services by Sardar Atar Singh
260 _aNew Delhi
_bArsee Pubishers India
_c2013
300 _a214p.
_ccm.
650 _aHISTORY
942 _hV243:51wM33, Q3
_cTEXL
_2cc
999 _c977518
_d977518